Missing Word: Entertainment 'N' Quiz Stats

 Plays Quiz Updated Apr 11, 2019

Score 0/20 Timer 04:00
0 Plays Today
Hint Answer % Correct
MovieNinja
98.5%
MovieNow
97.5%
BookNest
96.9%
AlbumNight
93.9%
MovieNoon
92%
BookNineteen
90.6%
MusicalNever
89%
MovieNapoleon
84.7%
MovieNaked
83.6%
MusicalNeedles
80.9%
Hint Answer % Correct
BookNearly
66.1%
AlbumNone
65.3%
BookName
62.9%
BookNations
57.5%
AlbumNext
55.1%
MusicalNanette
41.3%
AlbumNumber
40.7%
AlbumNews
23.6%
MusicalNosferatu
17.1%
MusicalNormal
11.5%

Today's Daily Dose

You're not logged in!

Compare scores with friends on all Sporcle quizzes.
OR
Log In

Sporcle TV

Today on Sporcle TV


Watch our educational content, quiz creation guides, and fun videos on Sporcle TV.

Show Comments

Extras

Top Quizzes Today


Score Distribution

Your Account Isn't Verified!

In order to create a playlist on Sporcle, you need to verify the email address you used during registration. Go to your Sporcle Settings to finish the process.

Report this User

Report this user for behavior that violates our Community Guidelines.

Details: